MARC details
| 000 -CABECERA |
| campo de control de longitud fija |
01050nam a2200253 u 4500 |
| 005 - FECHA Y HORA DE LA ÚLTIMA TRANSACCIÓN |
| campo de control |
20240509064300.0 |
| 008 - ELEMENTOS DE LONGITUD FIJA--INFORMACIÓN GENERAL |
| campo de control de longitud fija |
190314s2012 r 000 0 eng d |
| 020 ## - NÚMERO INTERNACIONAL NORMALIZADO PARA LIBROS |
| Número Internacional Estándar del Libro |
9786078279104 |
| 035 ## - NÚMERO DE CONTROL DEL SISTEMA |
| Número de control de sistema |
UPN01000229619 |
| 049 ## - COLECCIÓN |
| Colección |
LTG |
| 050 #4 - SIGNATURA TOPOGRÁFICA DE LA BIBLIOTECA DEL CONGRESO |
| Número de clasificación |
LB1585 M6.3 |
| Número de documento/Ítem |
2012 LM |
| 245 00 - MENCIÓN DE TÍTULO |
| Título |
Ciencias, tecnologías y narrativas de las culturas indígenas y migrantes : |
| Resto del título |
guía-cuaderno del docente : primaria indígena : ciclo II (3° y 4°) / |
| Mención de responsabilidad, etc. |
coord. Enrique Barquera Pedraza. |
| 260 ## - PUBLICACIÓN, DISTRIBUCIÓN, ETC. |
| Lugar de publicación, distribución, etc. |
México : |
| Nombre del editor, distribuidor, etc. |
SEP : |
| -- |
DGEI, |
| Fecha de publicación, distribución, etc. |
2012. |
| 300 ## - DESCRIPCIÓN FÍSICA |
| Extensión |
58, 48 p. : |
| Otras características físicas |
il. col. |
| 440 #0 - MENCIÓN DE SERIE/ASIENTO SECUNDARIO--TÍTULO |
| Título |
Vivir mejor |
| 501 ## - NOTA DE "CON" |
| Nota de “Con” |
Con : los colores y las sombras : según la ciencia : guía del docente primaria inígena : ciclo II (3° Y 4°) |
| 650 #4 - ASIENTO SECUNDARIO DE MATERIA - TERMINO TEMATICO |
| Término de materia o nombre geográfico como elemento de entrada |
Ciencia |
| Subdivisión general |
Estudio y enseñanza (Elemental) |
| 9 (RLIN) |
7402 |
| 650 #4 - ASIENTO SECUNDARIO DE MATERIA - TERMINO TEMATICO |
| Término de materia o nombre geográfico como elemento de entrada |
Hijos de trabajadores migrantes |
| Subdivisión general |
Educación |
| Subdivisión geográfica |
México |
| 9 (RLIN) |
22553 |
| 650 #4 - ASIENTO SECUNDARIO DE MATERIA - TERMINO TEMATICO |
| Término de materia o nombre geográfico como elemento de entrada |
Indígenas de México |
| Subdivisión general |
Educación |
| 9 (RLIN) |
10 |
| 650 #4 - ASIENTO SECUNDARIO DE MATERIA - TERMINO TEMATICO |
| Término de materia o nombre geográfico como elemento de entrada |
Maestros en servicio, Formación de |
| 9 (RLIN) |
390 |
| 700 1# - ASIENTO SECUNDARIO--NOMBRE DE PERSONAL |
| Nombre de persona |
Barquera Pedraza, Enrique, |
| Término indicativo de función/relación |
coord. |
| 905 ## - TIPO DE MATERIAL |
| Tipo de material |
Libro |